Digerir la vida : (Record no. 195906)

MARC details
000 -LEADER
campo de control de longitud fija 01398nam a2200373 i 4500
001 - NÚMERO DE CONTROL
campo de control 195906
003 - IDENTIFICADOR DE NÚMERO DE CONTROL
campo de control ES-MaACL
005 - FECHA Y HORA DE LA ÚLTIMA TRANSACCIÓN
campo de control 20251005063143.0
008 - DATOS DE LONGITUD FIJA--INFORMACIÓN GENERAL
campo de control de longitud fija 240802e201701 spc ||| |||| 0|0 0 spa|d
017 ## - NÚMERO DE COPYRIGHT O DE DEPÓSITO LEGAL
Número de copyright o de depósito legal DL B 23388-2016,
Agencia que asigna Biblioteca de Catalunya
020 ## - NÚMERO INTERNACIONAL ESTÁNDAR DEL LIBRO
Número Internacional Estándar del Libro 9788416820658
035 ## - NÚMERO DE CONTROL DEL SISTEMA
Número de control de sistema Rebiun19300533
040 ## - FUENTE DE CATALOGACIÓN
Centro catalogador/agencia de origen ES-BaBC
Lengua de catalogación cat
Normas de descripción rda
Centro/agencia transcriptor ES-BaBC
080 ## - NÚMERO DE LA CLASIFICACIÓN DECIMAL UNIVERSAL
Número de la Clasificación Decimal Universal 615.851.1
Identificador de la edición 2004
080 ## - NÚMERO DE LA CLASIFICACIÓN DECIMAL UNIVERSAL
Número de la Clasificación Decimal Universal 616.3-084/-085
Identificador de la edición 2004
100 ## - ENTRADA PRINCIPAL--NOMBRE DE PERSONA
Nombre de persona Paz, Montse de,
Fechas asociadas al nombre 1970-
9 (RLIN) 237682
245 10 - MENCIÓN DEL TÍTULO
Título Digerir la vida :
Resto del título mejora tu digestión bocado a bocado /
Mención de responsabilidad, etc. Montse de Paz.
250 ## - MENCION DE EDICION
Mención de edición Primera edición en esta colección: enero de 2017
264 #1 - PRODUCCIÓN, PUBLICACIÓN, DISTRIBUCIÓN, FABRICACIÓN Y COPYRIGHT
Producción, publicación, distribución, fabricación y copyright Barcelona :
Nombre del de productor, editor, distribuidor, fabricante Plataforma Editorial,
Fecha de producción, publicación, distribución, fabricación o copyright enero de 2017.
300 ## - DESCRIPCIÓN FÍSICA
Extensión 347 pág. ;
Dimensiones 22 cm
336 ## - TIPO DE CONTENIDO
Término de tipo de contenido Text
Código de tipo de contenido txt
Fuente rdacontent
337 ## - TIPO DE MEDIO
Nombre/término del tipo de medio sin medicación
Código del tipo de medio n
Fuente rdamedia
338 ## - TIPO DE SOPORTE
Nombre/término del tipo de soporte volumen
Código del tipo de soporte nc
Fuente rdacarrier
490 1# - MENCIÓN DE SERIE
Mención de serie Plataforma actual
504 ## - NOTA DE BIBLIOGRAFÍA, ETC.
Nota de bibliografía, etc. Bibliografia
650 #7 - PUNTO DE ACCESO ADICIONAL DE MATERIA--TÉRMINO DE MATERIA
Término de materia o nombre geográfico como elemento de entrada Salud mental
Fuente del encabezamiento o término embne
9 (RLIN) 16972
650 #4 - PUNTO DE ACCESO ADICIONAL DE MATERIA--TÉRMINO DE MATERIA
Término de materia o nombre geográfico como elemento de entrada Aparato digestivo-
Subdivisión general Enfermedades
Fuente del encabezamiento o término lemac
9 (RLIN) 9906
830 ## - PUNTO DE ACCESO ADICIONAL DE SERIE-TÍTULO UNIFORME
9 (RLIN) 192007
Título uniforme Plataforma actual
852 ## - LOCALIZACIÓN
Ubicación ES-MaACL
Sublocalización o colección R. 151853
Ubicación en estantería Depósito J
Número de control de estantería N-9025
Donativo/Legado Donación: Editorial
Encuadernación Encuadrnación: Rústica con solapas
itemnumber 204878
942 ## - ELEMENTOS DE ENTRADA SECUNDARIOS (KOHA)
Tipo de ítem Koha Libro impreso
Suprimir en OPAC No
954 ## - CATALOGADOR -ALTA REGISTRO
Estado de la copia Tatiana Alejandra de Castro Pérez
Holdings
Estatus retirado Estado de pérdida Fuente del sistema de clasificación o colocación Estado de daño No para préstamo Biblioteca de origen Biblioteca actual Ubicación en estantería Fecha de adquisición Fuente de adquisición Total de préstamos Signatura topográfica completa Código de barras Visto por última vez Precio de reemplazo Tipo de ítem Koha
    Clasificación decimal universal     Biblioteca del Ateneo de Madrid Biblioteca del Ateneo de Madrid Depósito J 24/03/2025 Donación   N-9025 101229726 24/03/2025 24/03/2025 Libro impreso